000
00310nam a2200133Ia 4500
008
231129s2004||||xx |||||||||||||| ||spa||
040
_b
spa
082
_a
Co864.4 V293s
100
_a
Varela Héctor Fabio
245
0
_a
Ensayos cotidianos
260
_c
2004
264
_a
Sevar Impresores
942
_2
ddc
_c
BKS
999
_c
13123
_d
13123